[Event "Budapest FS08 FM-B"]
[Site "Budapest"]
[Date "2005.08.16"]
[Round "11"]
[White "Gras, Delphine"]
[Black "Stamoudis, Chrysafis"]
[Result "1-0"]
[WhiteElo "1982"]
[BlackElo "2050"]
[PlyCount "130"]
[EventDate "2005.08.06"]
[EventType "tourn"]
[EventRounds "11"]
[EventCountry "HUN"]
[SourceTitle "CBM 107 Extra"]
[Source "ChessBase"]
[SourceDate "2005.09.01"]
[SourceVersion "1"]
[SourceVersionDate "2005.09.01"]
[SourceQuality "1"]

1. e4 c5 2. Nf3 e6 3. d4 cxd4 4. Nxd4 a6 5. Bd3 Nf6 6. c4 d6 7. 0-0 Be7 8. Nc3 Qc7 9. Be3 Nbd7 10. f4 b6 11. g4 g6 12. g5 Nh5 13. b4 Bb7 14. Rc1 Rc8 15. f5 e5 16. Nb3 f6 17. Qg4 fxg5 18. Nd5 Bxd5 19. cxd5 Qb7 20. Rxc8+ Qxc8 21. Rc1 Qb7 22. Bxg5 Nhf6 23. Qe2 Nb8 24. fxg6 hxg6 25. Bxf6 Bxf6 26. Qg4 0-0 27. Qxg6+ Qg7 28. Qxg7+ Kxg7 29. a4 Bg5 30. Rc7+ Rf7 31. Rxf7+ Kxf7 32. Kg2 Kg6 33. Be2 Bf4 34. h4 Be3 35. Kh3 Bf4 36. Kg4 Be3 37. Kf3 Bf4 38. Nd4 Bd2 39. Nc6 Nd7 40. Bxa6 Be1 41. Bc8 Nf6 42. a5 bxa5 43. bxa5 Bxh4 44. a6 Ne8 45. a7 Nc7 46. Nb8 Bd8 47. Bb7 Kh5 48. Na6 Na8 49. Bxa8 Bb6 50. Nc7 Bxa7 51. Nb5 Bc5 52. Bc6 Kg5 53. Nc7 Kf6 54. Kg4 Be3 55. Ne8+ Ke7 56. Kf5 Bb6 57. Kg6 Bc5 58. Ng7 Bb4 59. Nf5+ Kd8 60. Kf6 Kc7 61. Ke6 Ba3 62. Ng7 Kb6 63. Ne8 Kc5 64. Nxd6 Bb2 65. Nf7 Kd4 1-0

[Event "Budapest FS08 FM-B"]
[Site "Budapest"]
[Date "2005.08.15"]
[Round "10"]
[White "Stamoudis, Chrysafis"]
[Black "Lakat, Gyula"]
[Result "1-0"]
[WhiteElo "2050"]
[BlackElo "1967"]
[PlyCount "112"]
[EventDate "2005.08.06"]
[EventType "tourn"]
[EventRounds "11"]
[EventCountry "HUN"]
[SourceTitle "CBM 107 Extra"]
[Source "ChessBase"]
[SourceDate "2005.09.01"]
[SourceVersion "1"]
[SourceVersionDate "2005.09.01"]
[SourceQuality "1"]

1. Nf3 e6 2. d4 Nf6 3. c4 c5 4. e3 d6 5. dxc5 Qa5+ 6. Bd2 Qxc5 7. Nc3 Be7 8. Bd3 a6 9. 0-0 Nbd7 10. Rc1 b6 11. Re1 Bb7 12. e4 Qh5 13. Bf4 Rd8 14. Bb1 e5 15. Bg3 g5 16. Nd5 Qg6 17. Nd4 Bxd5 18. exd5 e4 19. Nc6 Rc8 20. f3 Ne5 21. Nxe5 dxe5 22. Bxe5 Bc5+ 23. Bd4 0-0 24. Bxc5 bxc5 25. Bxe4 Qg7 26. Bf5 Rb8 27. b3 Rfe8 28. Rxe8+ Nxe8 29. Bd7 Nd6 30. Bc6 f5 31. Qd3 Qe5 32. Qd2 f4 33. Re1 Qf5 34. Qc3 Nf7 35. d6 Nxd6 36. Bd5+ Nf7 37. Qe5 Qxe5 38. Rxe5 h6 39. Re7 Rf8 40. Kf2 Kg7 41. Rxf7+ Rxf7 42. Bxf7 Kxf7 43. Ke2 Ke6 44. Kd3 a5 45. a3 Kd6 46. Kc3 Ke5 47. b4 axb4+ 48. axb4 cxb4+ 49. Kxb4 Kd4 50. c5 Ke3 51. c6 Kf2 52. c7 Kxg2 53. c8Q Kxf3 54. Qh3+ Ke4 55. Kc3 f3 56. Kd2 Kf4 1-0

[Event "Budapest FS08 FM-B"]
[Site "Budapest"]
[Date "2005.08.12"]
[Round "7"]
[White "Havaskori, Laszlo"]
[Black "Stamoudis, Chrysafis"]
[Result "1-0"]
[WhiteElo "2046"]
[BlackElo "2050"]
[PlyCount "45"]
[EventDate "2005.08.06"]
[EventType "tourn"]
[EventRounds "11"]
[EventCountry "HUN"]
[SourceTitle "CBM 107 Extra"]
[Source "ChessBase"]
[SourceDate "2005.09.01"]
[SourceVersion "1"]
[SourceVersionDate "2005.09.01"]
[SourceQuality "1"]

1. e4 c5 2. Nf3 e6 3. c3 d5 4. e5 Nc6 5. d4 Bd7 6. Be2 Qb6 7. 0-0 cxd4 8. cxd4 Nge7 9. Nc3 Nf5 10. Na4 Qd8 11. Bg5 f6 12. exf6 gxf6 13. Bf4 Qa5 14. Rc1 Bd6 15. Bd2 Qc7 16. b4 Qb8 17. b5 Ncxd4 18. Nxd4 Nxd4 19. Bh5+ Ke7 20. Re1 Bxh2+ 21. Kh1 Qd6 22. Qg4 Nf5 23. Bb4 1-0

[Event "Nikaia op 11th"]
[Site "Nikaia"]
[Date "2003.08.21"]
[Round "6"]
[White "Stefanidi, Maria Anna"]
[Black "Stamoudis, Chrysafis"]
[Result "0-1"]
[WhiteElo "2134"]
[BlackElo "1675"]
[PlyCount "108"]
[EventDate "2003.08.17"]
[EventType "swiss"]
[EventRounds "9"]
[EventCountry "GRE"]
[SourceTitle "EXT 2005"]
[Source "ChessBase"]
[SourceDate "2004.11.15"]
[SourceVersion "1"]
[SourceVersionDate "2004.11.15"]
[SourceQuality "1"]

1. e4 c5 2. Nf3 e6 3. d4 cxd4 4. Nxd4 a6 5. Be3 Qc7 6. Bd3 Nf6 7. 0-0 d6 8. Nc3 b5 9. a3 Bb7 10. f4 Nbd7 11. Qf3 Nc5 12. f5 e5 13. Nb3 Be7 14. Rad1 Rd8 15. Rfe1 0-0 16. g4 d5 17. Nxc5 Bxc5 18. exd5 Nxd5 19. Nxd5 Bxd5 20. Qf2 Bxe3 21. Rxe3 Bc4 22. f6 Bxd3 23. cxd3 Rd4 24. g5 Rg4+ 25. Rg3 Rf4 26. Qe2 Qc5+ 27. Kg2 Qd5+ 28. Kg1 Qc5+ 29. Kh1 Qd5+ 30. Rg2 Rd8 31. Rc1 Rd4 32. Re1 Rxd3 33. Qxe5 Qc6 34. Qe4 Qxe4 35. Rxe4 Rd1+ 36. Rg1 Rxg1+ 37. Kxg1 gxf6 38. gxf6 h6 39. Rg4+ Kh8 40. Rg7 Rg8 41. Rxg8+ Kxg8 42. Kf2 Kh7 43. Ke3 Kg6 44. Kd4 Kxf6 45. Kc5 Ke5 46. b3 f5 47. Kb6 f4 48. Kxa6 f3 49. Kxb5 f2 50. b4 f1Q+ 51. Ka5 Kd6 52. a4 Kc7 53. h4 Qf6 54. b5 Qxh4 0-1

[Event "GRE-ch U20"]
[Site "Chania"]
[Date "2003.04.23"]
[Round "6"]
[White "Kivelos, Sotirios"]
[Black "Stamoudis, Chrysafis"]
[Result "1/2-1/2"]
[WhiteElo "1770"]
[BlackElo "1635"]
[PlyCount "80"]
[EventDate "2003.04.??"]
[EventType "swiss"]
[EventRounds "7"]
[EventCountry "GRE"]
[SourceTitle "EXT 2005"]
[Source "ChessBase"]
[SourceDate "2004.11.15"]
[SourceVersion "1"]
[SourceVersionDate "2004.11.15"]
[SourceQuality "1"]

1. e4 e5 2. Nf3 Nc6 3. Bb5 d6 4. c3 g6 5. d3 Bg7 6. 0-0 Nf6 7. h3 0-0 8. Bg5 h6 9. Be3 a6 10. Ba4 Bd7 11. Nbd2 Kh7 12. Re1 Nh5 13. Bc2 Kg8 14. Nf1 Nf4 15. Bxf4 exf4 16. d4 f5 17. e5 dxe5 18. dxe5 Be6 19. Nd4 Nxd4 20. cxd4 c6 21. Bb3 Qe7 22. Qf3 Rad8 23. Rad1 g5 24. Rd2 Bd5 25. Bxd5+ Rxd5 26. Red1 Rfd8 27. Qb3 Kh7 28. Qc2 Qe6 29. Qb3 Qe7 30. Rd3 Qd7 31. R3d2 Qe7 32. a4 R8d7 33. Qc2 Qe6 34. Nh2 Kh8 35. b4 Rf7 36. Nf3 g4 37. hxg4 fxg4 38. Nh2 f3 39. g3 h5 40. Qe4 Bh6 1/2-1/2